| 000 | 00890cas a2200229 a 4500 | ||
|---|---|---|---|
| 005 | 20180803170113.0 | ||
| 008 | 830616d19812000ag uu m b 0 b0spa c | ||
| 022 | _a0326-1638 | ||
| 040 |
_aANS _cANS _dHUL _dAIP _dDLC _dNST _dSYS _dOCLCQ _dHEBIS _dGBVCP _dUKMGB _dOCLCF _dOCLCO _dWAU _dCO-BoIAVH |
||
| 041 | 0 | _aspa | |
| 044 | _aag | ||
| 090 | _aSE- | ||
| 245 | 0 | 0 |
_aBiología acuática / _cInstituto de Limnología ILPLA. |
| 260 |
_aLa plata (Argentina) : _bInstituto de Limnología "Dr. Raul A. Ringuelet, _c1981. |
||
| 300 |
_bilustraciones ; _c21-23 cm |
||
| 504 | _aIncluye referencias bibliográficas. | ||
| 650 | 2 | 6 |
_aLimnología _vPublicaciones periódicas |
| 650 | 2 | 6 | _aLimnología |
| 710 | 2 | _aInstituto de Limnología (La Plata, Argentina) | |
| 776 | 0 | 8 |
_iContinued online: _tBiología acuática _x1668-4869 _w(DLC) 2017252267 _w(OCoLC)985111748 |
| 942 |
_2z _cREVISTA |
||
| 999 |
_c16716 _d16716 |
||